Normal view
MARC view
- Ansys, Inc
Entry Personal Name
001 - CONTROL NUMBER
- control field: 128955
003 - CONTROL NUMBER IDENTIFIER
- control field: NUST
005 - DATE AND TIME OF LATEST TRANSACTION
- control field: 20250515114638.0
008 - FIXED-LENGTH DATA ELEMENTS
- fixed length control field: 250515|| aca||aabn | a|a d
040 ## - CATALOGING SOURCE
- Original cataloging agency: NUST
- Transcribing agency: NUST
100 ## - HEADING--PERSONAL NAME
- Personal name: Ansys, Inc
670 ## - SOURCE DATA FOUND
- Source citation: Work cat.: (NUST)562954: Ansys, Inc, Ansys,Inc. Installation Guide for Windows, 2007
